000 00695cam a22002173a 4500
001 40832
003 PGUSA
005 20140828083919.0
008 120922s2012||||xxu|||||s|||||000 | eng d
040 _aPGUSA
_beng
042 _adc
100 1 _aLe Queux, William,
_d1864-1927
245 1 4 _aThe Veiled Man :
_bBeing an Account of the Risks and Adventures of Sidi Ahamadou, Sheikh of the Azjar Maraude
_h[electronic resource] /
_cWilliam Le Queux
260 _bProject Gutenberg,
_c2012
506 _aPublic domain in the USA.
516 _aElectronic text
700 1 _aPearce, Alfred
830 0 _aProject Gutenberg
_v40832
856 4 0 _uhttp://www.gutenberg.org/ebooks/40832
942 _cEB
999 _c270084
_d270084